Loading...
| Science - Physics | 0 | 6 | 0 | 0 | 60 | 31 | 63.83 | 2 | 6 |
| Science - Chemistry | 0 | 6 | 0 | 0 | 60 | 39 | 59.50 | 3 | 6 |
| Literature - World/Other Literature | 0 | 5 | 0 | 0 | 50 | 64 | 92.20 | 1 | 5 |
| Science - Other Science | 0 | 4 | 0 | 0 | 40 | 57 | 76.75 | 1 | 4 |
| Literature - European Literature | 0 | 4 | 0 | 0 | 40 | 51 | 74.50 | 0 | 4 |
| Philosophy | 0 | 3 | 0 | 1 | 30 | 67 | 105.67 | 1 | 3 |
| Mythology | 0 | 3 | 0 | 2 | 30 | 60 | 117.67 | 0 | 3 |
| Social Science | 0 | 2 | 0 | 0 | 20 | 75 | 86.50 | 1 | 2 |
| Fine Arts - Visual Fine Arts | 0 | 2 | 0 | 0 | 20 | 57 | 60.50 | 1 | 2 |
| Literature - British Literature | 0 | 2 | 0 | 0 | 20 | 44 | 56.50 | 1 | 2 |
| Science - Biology | 0 | 1 | 0 | 0 | 10 | 89 | 89.00 | 1 | 1 |
| Pop Culture | 0 | 1 | 0 | 1 | 10 | 133 | 133.00 | 0 | 1 |
| Literature - American Literature | 0 | 1 | 0 | 0 | 10 | 123 | 123.00 | 0 | 1 |
| History - Other History | 0 | 1 | 0 | 0 | 10 | 65 | 65.00 | 0 | 1 |
| Fine Arts - Other Fine Arts | 0 | 1 | 1 | 0 | 5 | 71 | 71.00 | 1 | 1 |